| 000 | 00687am a2200265a 44500 | ||
|---|---|---|---|
| 003 | AR-BaBNM | ||
| 005 | 20251128210435.0 | ||
| 008 | 111120s1999 #AR|||||||||||000 | esp|| | ||
| 020 | _a950-557-280-8 | ||
| 040 | _cAR-BaBNM | ||
| 100 | 1 | _aDebray, Régis | |
| 245 | 1 | 0 | _aLa República explicada a mi hija |
| 260 |
_aBuenos Aires _bFondo de Cultura Económica _c1999 |
||
| 300 | _a87 p. | ||
| 490 | 0 |
_aColección Popular _vv. 543 |
|
| 650 | 4 | _aPOLITICA | |
| 650 | 4 | _aSISTEMAS POLITICOS | |
| 650 | 4 | _aCIENCIAS POLITICAS | |
| 650 | 4 | _aREPUBLICA | |
| 650 | 4 | _aCIUDADANIA | |
| 650 | 4 | _aNACIONALIDAD | |
| 700 | 1 |
_aGarzonio, Sandra _etraductor |
|
| 942 | _cBK | ||
| 998 | _cMariana | ||
| 999 |
_c15492 _d15492 |
||